|
|
|
|
| LEADER |
00655nam a2200253 a 4500 |
| 001 |
adlib96000001 |
| 003 |
ViArRB |
| 005 |
20151026131345.0 |
| 008 |
960221s1955 dcuabcdjdbkoqu001 0deng d |
| 020 |
|
|
|
| 022 |
|
|
|
| 040 |
|
|
|a Adlib
|
| 082 |
|
|
|a 1(540)
|
| 245 |
|
|
|a Six Systems of Indian Philosophy
|
| 250 |
|
|
|
| 260 |
|
|
|a Varanasi
|b Chowkham Ba Sanskrit Series office
|c 1971
|
| 300 |
|
|
|a xxxii, 478 p
|
| 500 |
|
|
|a
|
| 100 |
|
|
|a Max Muller, K.M.
|
| 700 |
|
|
|
| 942 |
|
|
|c BK
|6 _
|
| 653 |
|
|
|a pandit
|a Philosophy
|
| 999 |
|
|
|c 26143
|d 26143
|
| 952 |
|
|
|0 0
|1 0
|4 0
|6 1540_MAX
|7 0
|9 37753
|a UL
|b UL
|d 2010-06-16
|o 1(540) MAX
|p H0004990
|r 2010-06-16
|w 2010-06-16
|y BK
|